[Event "Valle Region-ch U16"]
[Site "Cali"]
[Date "2012.02.16"]
[Round "2.6"]
[White "Gomez Fierro, Joan Naren"]
[Black "Delgado, Gustavo Adolfo"]
[Result "1-0"]
[WhiteElo "1546"]
[BlackElo "1600"]
[PlyCount "43"]
[EventDate "2012.02.16"]
[EventType "swiss"]
[EventRounds "7"]
[EventCountry "COL"]
[SourceTitle "EXT 2024"]
[Source "ChessBase"]
[SourceDate "2023.10.10"]
[SourceVersion "1"]
[SourceVersionDate "2023.10.10"]
[SourceQuality "1"]

1. e4 b5 2. Bxb5 a6 3. Ba4 c6 4. d4 d6 5. d5 Bd7 6. Nc3 Nf6 7. Bb3 e5 8. Bg5 h6 9. Bxf6 gxf6 10. Qh5 Rh7 11. 0-0-0 cxd5 12. Nxd5 Nc6 13. Rd3 Na5 14. Rf3 Be7 15. h4 Rb8 16. Rhh3 Bxh3 17. Nxh3 Nxb3+ 18. axb3 a5 19. g4 Qc8 20. Rc3 Qa6 21. Nc7+ Kd7 22. Nxa6 1-0

[Event "Valle Region-ch U20"]
[Site "Cali"]
[Date "2012.01.29"]
[Round "7.6"]
[White "Martinez, Cristian Camilo"]
[Black "Delgado, Gustavo Adolfo"]
[Result "1-0"]
[WhiteElo "1684"]
[BlackElo "1500"]
[PlyCount "80"]
[EventDate "2012.01.27"]
[EventType "swiss"]
[EventRounds "7"]
[EventCountry "COL"]
[SourceTitle "EXT 2024"]
[Source "ChessBase"]
[SourceDate "2023.10.10"]
[SourceVersion "1"]
[SourceVersionDate "2023.10.10"]
[SourceQuality "1"]

1. e4 e5 2. Nf3 d6 3. Bc4 Nf6 4. Nc3 h6 5. d3 Nc6 6. Be3 Bg4 7. h3 Bxf3 8. Qxf3 Qe7 9. Nd5 Nxd5 10. Bxd5 Qd7 11. 0-0-0 0-0-0 12. Qxf7 Qxf7 13. Bxf7 Be7 14. Bd5 Bg5 15. Bxg5 hxg5 16. Bxc6 bxc6 17. d4 Rdf8 18. f3 exd4 19. Rxd4 c5 20. Rd5 g4 21. Rf5 gxf3 22. Rxf3 g5 23. Kd2 Rxf3 24. gxf3 a5 25. Ke3 c6 26. f4 gxf4+ 27. Kxf4 d5 28. exd5 cxd5 29. Ke5 d4 30. Kd5 Rh5+ 31. Kc4 Kb7 32. Rf1 Kb6 33. Rf6+ Kb7 34. Kb5 Kc7 35. Kxa5 Rxh3 36. Kb5 d3 37. cxd3 Rxd3 38. Rc6+ Kd7 39. Rxc5 Rd2 40. b4 Rxa2 1-0